000 01301nam a22003017a 4500
005 2010101908158.0
008 101019t xxu||||| |||| 00| 0 hin
010 _aHIN-95805
020 _c130.00
_a9788126340675
035 _aHN-68151
037 _bDBAD / PUB
040 _aDPL
_bHN
082 _a
100 _923632
_aदूबे,श्रीकान्त
245 _aपूर्वज /
_bश्रीकान्त दूबे
260 _aनई दिल्ली
_bभारतीय ज्ञानपीठ
_c2012
270 _bनई दिल्ली
_a18, इन्स्टीट्यूशनल एरिया लोदी रोड़
_e110003
_mwww.jnanpith.net
300 1 _a126पृ.
_c22सेमी (सजिल्द)
500 _aग्रन्थांक-1119
650 _9657
_aहिन्दी कथासंग्रह
650 _934273
700 _939143
_aकालिया,रवीन्द्र
710 _934811
_aजैन,गुलाबचन्द्र
710 _935049
711 _944931
942 _2ddc
_cHN
_mदूबेश्री
_h
999 _c64842
_d64842